We read Russian : (Record no. 7552)
[ view plain ]
| 000 -LEADER | |
|---|---|
| fixed length control field | 00915cam a2200253 4500 |
| 001 - CONTROL NUMBER | |
| control field | 7552 |
| 003 - CONTROL NUMBER IDENTIFIER | |
| rucl marc code | BD-RjUL |
| 005 - DATE AND TIME OF LATEST TRANSACTION | |
| control field | 20211208234434.0 |
| 008 - FIXED-LENGTH DATA ELEMENTS--GENERAL INFORMATION | |
| fixed length control field | 140115s1963 ru a 001 0 eng d |
| 035 ## - SYSTEM CONTROL NUMBER | |
| System control number | (BD-RjUL)7596 |
| 040 ## - CATALOGING SOURCE | |
| Original cataloging agency | DLC |
| Transcribing agency | DLC |
| Modifying agency | BD-RjUL |
| Language of cataloging | eng |
| 041 0# - LANGUAGE CODE | |
| Language code of text/sound track or separate title | engrus |
| 082 ## - DEWEY DECIMAL CLASSIFICATION NUMBER | |
| Classification number | 491.786421 |
| Author mark and year | WER 1963 |
| 245 00 - TITLE STATEMENT | |
| Title | We read Russian : |
| Remainder of title | collection of Russian texts with notes and exercises for English-speaking students of Russian / |
| Statement of responsibility, etc. | L. Astakhova [and others] Edited by N. Fudel. |
| 260 ## - PUBLICATION, DISTRIBUTION, ETC. (IMPRINT) | |
| Place of publication, distribution, etc. | Moscow : |
| Name of publisher, distributor, etc. | Foreign Languages Pub. House, |
| Date of publication, distribution, etc. | [1963?] |
| 300 ## - PHYSICAL DESCRIPTION | |
| Pagination | 246 p. : |
| Illustrations | illus., |
| Size | 21 cm. |
| 500 ## - GENERAL NOTE | |
| General note | "Notes and vocabulary translated from the Russian by V. Korotky." |
| 650 #0 - SUBJECT ADDED ENTRY--TOPICAL TERM | |
| Topical term or geographic name as entry element | Russian language |
| General subdivision | Readers. |
| 9 (RLIN) | 23560 |
| 700 1# - ADDED ENTRY--PERSONAL NAME | |
| Personal name | Astakhova, Li︠u︡dmila Mikhaĭlovna. |
| Personal name | Fudelʹ, Nikolaĭ Sergeevich. |
| 942 ## - ADDED ENTRY ELEMENTS (KOHA) | |
| Source of classification or shelving scheme | Dewey Decimal Classification |
| Koha item type | Books |
| Lost status | Source of classification or shelving scheme | Damaged status | Not for loan | Collection code | Permanent Location | Current Location | Shelving location | Date acquired | Source of acquisition | Cost, normal purchase price | Total Checkouts | Full call number | Date last seen | Copy number | Koha item type |
|---|---|---|---|---|---|---|---|---|---|---|---|---|---|---|---|
| Dewey Decimal Classification | Not For Loan | Non-fiction | Central Library, University of Rajshahi | Central Library, University of Rajshahi | 26/03/1968 | shilpa nikaton, Dacca | 2.00 | 491.786421 WER 1963 | 15/01/2014 | C-1 | Books |